| 000 | 00487nam a2200193Ia 4500 | ||
|---|---|---|---|
| 001 | 7936 | ||
| 003 | GE_BSU | ||
| 008 | 181216s||||||||xx |||||||||||||| ||und|| | ||
| 040 | _cGE_BSU | ||
| 245 | _aLe point. №2140.2013. 19 Septembre | ||
| 245 | _bLes 12 secrets de la bonne santé | ||
| 245 | _cLeditorial de Franz-Olivier Giesbert | ||
| 260 | _aPARIS | ||
| 260 | _c2013 | ||
| 300 | _a98pg;26sm. | ||
| 653 | _aLe point | ||
| 653 | _aLes 12 secrets de la bonne santé | ||
| 942 | _cCR | ||
| 999 |
_c41281 _d41281 |
||